000 00709cab a2200229 4500
001 ABS48121
008 090401t1993 xxu||||| |||| 00| 0 eng d
035 _a(Sirsi) u65102
041 _aeng
100 _aHornby, J.
245 4 _aThe Property Misdescriptions Act 1991: farewell to `des res`?
260 _c1993
350 _a0
490 _aFarmland Market
_v(39) February 1993, 17-18(2)
520 _aOutlines the scope of the Act and its likely effects on practice.
650 _aESTATE AGENTS ACT 1979
650 _aPROPERTY DESCRIPTIONS
650 _aPROPERTY MISDESCRIPTIONS ACT 1991
690 _aMANAGEMENT-BUSINESS MANAGEMENT-PROFESSIONAL PRACTICE
942 _n0
948 _c04/03/1997
999 _c40579
_d40579